<?xml version="1.0" encoding="UTF-8"?>
<record
    xmlns:xsi="http://www.w3.org/2001/XMLSchema-instance"
    xsi:schemaLocation="http://www.loc.gov/MARC21/slim http://www.loc.gov/standards/marcxml/schema/MARC21slim.xsd"
    xmlns="http://www.loc.gov/MARC21/slim">

  <leader>00907nam a22002057a 4500</leader>
  <datafield tag="999" ind1=" " ind2=" ">
    <subfield code="c">53996</subfield>
    <subfield code="d">53996</subfield>
  </datafield>
  <controlfield tag="005">20251125233029.0</controlfield>
  <controlfield tag="008">      s2551    th                  tha d</controlfield>
  <datafield tag="020" ind1=" " ind2=" ">
    <subfield code="a">9789747532562</subfield>
  </datafield>
  <datafield tag="040" ind1=" " ind2=" ">
    <subfield code="a">NALT</subfield>
  </datafield>
  <datafield tag="041" ind1=" " ind2=" ">
    <subfield code="a">tha</subfield>
  </datafield>
  <datafield tag="090" ind1=" " ind2=" ">
    <subfield code="a">KI 21 </subfield>
    <subfield code="b">&#xE18;339&#xE2D; 2551</subfield>
  </datafield>
  <datafield tag="245" ind1="0" ind2="0">
    <subfield code="a">Update &#xE01;&#xE0E;&#xE2B;&#xE21;&#xE32;&#xE22; 2551 /</subfield>
    <subfield code="c">&#xE01;&#xE2D;&#xE07;&#xE1A;&#xE23;&#xE23;&#xE13;&#xE32;&#xE18;&#xE34;&#xE01;&#xE32;&#xE23; [&#xE18;&#xE23;&#xE23;&#xE21;&#xE19;&#xE34;&#xE15;&#xE34;] </subfield>
  </datafield>
  <datafield tag="260" ind1=" " ind2=" ">
    <subfield code="a">&#xE01;&#xE23;&#xE38;&#xE07;&#xE40;&#xE17;&#xE1E;&#xE2F; : </subfield>
    <subfield code="b">&#xE2A;&#xE33;&#xE19;&#xE31;&#xE01;&#xE1E;&#xE31;&#xE12;&#xE19;&#xE32;&#xE01;&#xE32;&#xE23;&#xE1A;&#xE23;&#xE34;&#xE2B;&#xE32;&#xE23;&#xE18;&#xE23;&#xE23;&#xE21;&#xE19;&#xE34;&#xE15;&#xE34;, </subfield>
    <subfield code="c">2551</subfield>
  </datafield>
  <datafield tag="300" ind1=" " ind2=" ">
    <subfield code="a">122 &#xE2B;&#xE19;&#xE49;&#xE32; :</subfield>
    <subfield code="b">&#xE15;&#xE32;&#xE23;&#xE32;&#xE07; ;</subfield>
    <subfield code="c">21 &#xE0B;&#xE21;.</subfield>
  </datafield>
  <datafield tag="650" ind1=" " ind2="4">
    <subfield code="a">&#xE41;&#xE23;&#xE07;&#xE07;&#xE32;&#xE19;</subfield>
    <subfield code="9">13929</subfield>
    <subfield code="x">&#xE01;&#xE0E;&#xE2B;&#xE21;&#xE32;&#xE22;&#xE41;&#xE25;&#xE30;&#xE23;&#xE30;&#xE40;&#xE1A;&#xE35;&#xE22;&#xE1A;&#xE02;&#xE49;&#xE2D;&#xE1A;&#xE31;&#xE07;&#xE04;&#xE31;&#xE1A;</subfield>
  </datafield>
  <datafield tag="650" ind1=" " ind2=" ">
    <subfield code="a">&#xE20;&#xE32;&#xE29;&#xE35;</subfield>
    <subfield code="9">14501</subfield>
    <subfield code="x">&#xE01;&#xE0E;&#xE2B;&#xE21;&#xE32;&#xE22;&#xE41;&#xE25;&#xE30;&#xE23;&#xE30;&#xE40;&#xE1A;&#xE35;&#xE22;&#xE1A;&#xE02;&#xE49;&#xE2D;&#xE1A;&#xE31;&#xE07;&#xE04;&#xE31;&#xE1A;</subfield>
  </datafield>
  <datafield tag="850" ind1=" " ind2=" ">
    <subfield code="a">NALT</subfield>
  </datafield>
  <datafield tag="856" ind1="4" ind2="0">
    <subfield code="u">https://hdl.handle.net/20.500.14156/303071</subfield>
    <subfield code="7">1</subfield>
  </datafield>
  <datafield tag="942" ind1=" " ind2=" ">
    <subfield code="c">LB</subfield>
    <subfield code="2">local</subfield>
  </datafield>
  <datafield tag="952" ind1=" " ind2=" ">
    <subfield code="0">0</subfield>
    <subfield code="1">0</subfield>
    <subfield code="4">0</subfield>
    <subfield code="7">0</subfield>
    <subfield code="8">CLAW</subfield>
    <subfield code="a">NALT</subfield>
    <subfield code="b">NALT</subfield>
    <subfield code="e">&#xE1A;&#xE23;&#xE34;&#xE08;&#xE32;&#xE04;</subfield>
    <subfield code="l">0</subfield>
    <subfield code="o">KI 21 &#xE18;339&#xE2D;  2551</subfield>
    <subfield code="p">3961171427</subfield>
    <subfield code="r">2017-06-09 00:00:00</subfield>
    <subfield code="w">2017-06-09</subfield>
    <subfield code="y">LB</subfield>
  </datafield>
</record>
